| 000 | 00503nam a2200169Ia 4500 | ||
|---|---|---|---|
| 003 | OSt | ||
| 005 | 20200707095951.0 | ||
| 008 | 190216s9999||||xx |||||||||||||| ||und|| | ||
| 040 | _coclc | ||
| 082 |
_a973 _bPAR/U |
||
| 100 |
_aParkes, Henry Bamford _93581 |
||
| 245 | 4 |
_aThe United States Of America A History / _cHenry Bamford Parkes |
|
| 250 | _a2nd Ed. | ||
| 260 |
_bScientific Book Agency, _c1964. _aCalcutta: |
||
| 300 | _a783p | ||
| 942 |
_cBK _2ddc _h973 _iPAR/U _k973 _mPAR/U |
||
| 999 |
_c18729 _d18729 |
||